[Event "Quebec op"]
[Site "Montreal"]
[Date "1987.07.31"]
[Round "6"]
[White "Wenaas, Eric"]
[Black "Meynard, Roch"]
[Result "1-0"]
[WhiteElo "1751"]
[BlackElo "1015"]
[PlyCount "51"]
[EventDate "1987.07.26"]
[EventType "swiss"]
[EventRounds "8"]
[EventCountry "CAN"]
[SourceTitle "EXT 2022"]
[Source "ChessBase"]
[SourceDate "2021.10.06"]
[SourceVersion "1"]
[SourceVersionDate "2021.10.06"]
[SourceQuality "1"]

1. d4 d5 2. c4 Nf6 3. Nc3 e6 4. cxd5 exd5 5. Nf3 b6 6. Bf4 Bd6 7. Bxd6 cxd6 8. e3 0-0 9. Bd3 Nc6 10. 0-0 a5 11. Rc1 Bb7 12. Qe2 Qd7 13. Nb5 Rfe8 14. a3 a4 15. Rc2 Ra5 16. Rfc1 h6 17. Nh4 Rea8 18. Qf3 Rc8 19. Bf5 Qe7 20. Bxc8 Bxc8 21. Rxc6 Rxb5 22. Rxc8+ Kh7 23. R1c7 Rxb2 24. h3 Qe4 25. Qf5+ g6 26. Rxf7# 1-0